<?xml version="1.0" encoding="UTF-8"?>
<record
    xmlns:xsi="http://www.w3.org/2001/XMLSchema-instance"
    xsi:schemaLocation="http://www.loc.gov/MARC21/slim http://www.loc.gov/standards/marcxml/schema/MARC21slim.xsd"
    xmlns="http://www.loc.gov/MARC21/slim">

  <leader>02478    a2200289   4500</leader>
  <controlfield tag="001">47168</controlfield>
  <controlfield tag="005">20260407155740.0</controlfield>
  <controlfield tag="008">260407a1994    arg                 spa d</controlfield>
  <controlfield tag="003">AR-UNSa-BCEJYS</controlfield>
  <datafield tag="040" ind1=" " ind2=" ">
    <subfield code="a">AR-UNSa-BCEJYS</subfield>
    <subfield code="b">spa</subfield>
    <subfield code="c">AR-UNSa-BCEJYS</subfield>
  </datafield>
  <datafield tag="080" ind1=" " ind2=" ">
    <subfield code="a">339.9</subfield>
    <subfield code="x">Econom&#xED;a internacional en general. Relaciones econ&#xF3;micas internacionales. Econom&#xED;a mundial </subfield>
  </datafield>
  <datafield tag="245" ind1="1" ind2="0">
    <subfield code="a">Econom&#xED;a Internacional</subfield>
    <subfield code="p">teor&#xED;a y pol&#xED;tica</subfield>
  </datafield>
  <datafield tag="020" ind1=" " ind2=" ">
    <subfield code="a">84-481-1955-X</subfield>
  </datafield>
  <datafield tag="264" ind1=" " ind2="1">
    <subfield code="a">Madrid :</subfield>
    <subfield code="b">McGraw-Hill</subfield>
    <subfield code="c">1994</subfield>
  </datafield>
  <datafield tag="300" ind1=" " ind2=" ">
    <subfield code="a">xxxiii, 845 p.</subfield>
    <subfield code="c">24 cm</subfield>
  </datafield>
  <datafield tag="505" ind1=" " ind2=" ">
    <subfield code="a">1. Introducci&#xF3;n - Primera Parte: Teor&#xED;a del comercio internacional: 2. Productividad del trabajo y ventaja comparativa: el modelo ricardiano - 3. Factores espec&#xED;ficos y distribuci&#xF3;n de la renta - 4. Dotaci&#xF3;n de recursos y comercio: el modelo Heckscher-Ohlin - 5. El modelo est&#xE1;ndar de comercio - 6. Econom&#xED;as de escala, competencia imperfecta y comercio internacional - 7. Los movimientos internacionales de factores - Segunda Parte: Pol&#xED;tica comercial internacional: 8. Los instrumentos de la pol&#xED;tica comercial - 9. La econom&#xED;a pol&#xED;tica comercial - 10. La pol&#xED;tica comercial en los pa&#xED;ses en v&#xED;as de desarrollo - 11. Pol&#xED;tica industrial en los pa&#xED;ses avanzados - Tercera Parte: Los tipos de cambio y la macroeconom&#xED;a en una econom&#xED;a abierta: 12. La contabilidad nacional y la balanza de pagos - 13. Los tipos de cambio y el mercado de divisas. Un enfoque de activos - 14. El dinero, los tipos de inter&#xE9;s y los tipos de cambio - 15. El nivel de precios y el tipo de cambio a largo plazo - 16. El producto nacional y los tipos de cambio a corto plazo - 17. Los tipos de cambio fijos y la intervenci&#xF3;n en los mercados de cambio - Cuarta Parte: La pol&#xED;tica macroecon&#xF3;mica internacional: 18. El sistema monetario internacional, 1870-1973 - 19. La pol&#xED;tica macroecon&#xF3;mica y la coordinaci&#xF3;n con tipos de cambio flotantes - 20. El mercado global de capitales: funcionamiento y problemas de pol&#xED;tica econ&#xF3;mica - 21. Los pa&#xED;ses en v&#xED;as de desarrollo y el problema de la deuda internacional - </subfield>
  </datafield>
  <datafield tag="942" ind1=" " ind2=" ">
    <subfield code="c">BK</subfield>
  </datafield>
  <datafield tag="590" ind1=" " ind2=" ">
    <subfield code="a">niveau_biblio:m niveau_hierar:0</subfield>
  </datafield>
  <datafield tag="100" ind1="1" ind2=" ">
    <subfield code="a">Turno Garuz, Joaquin</subfield>
  </datafield>
  <datafield tag="700" ind1="1" ind2=" ">
    <subfield code="a">Obstfeld, Maurice</subfield>
  </datafield>
  <datafield tag="700" ind1="1" ind2=" ">
    <subfield code="a">Krugman, Paul R.</subfield>
  </datafield>
  <datafield tag="700" ind1="1" ind2=" ">
    <subfield code="a">S&#xE1;nchez Diaz, Emili</subfield>
  </datafield>
  <datafield tag="700" ind1="1" ind2=" ">
    <subfield code="a">Olleta Ta&#xF1;a, Jordi</subfield>
  </datafield>
  <datafield tag="700" ind1="1" ind2=" ">
    <subfield code="a">Tugores Ques, Juan</subfield>
  </datafield>
  <datafield tag="700" ind1="1" ind2=" ">
    <subfield code="a">Bernardos, Gonzalo</subfield>
  </datafield>
  <datafield tag="856" ind1="4" ind2="1">
    <subfield code="u">https://www.biblioeco.unsa.edu.ar/pmb/images/libros/L127417.jpg</subfield>
    <subfield code="y">Imagen de portada</subfield>
    <subfield code="q">image/jpeg</subfield>
  </datafield>
  <datafield tag="999" ind1=" " ind2=" ">
    <subfield code="c">4309</subfield>
    <subfield code="d">4309</subfield>
  </datafield>
  <datafield tag="952" ind1=" " ind2=" ">
    <subfield code="0">0</subfield>
    <subfield code="1">0</subfield>
    <subfield code="4">0</subfield>
    <subfield code="7">0</subfield>
    <subfield code="a">BCEJYS</subfield>
    <subfield code="b">BCEJYS</subfield>
    <subfield code="c">16</subfield>
    <subfield code="d">2026-04-07</subfield>
    <subfield code="l">0</subfield>
    <subfield code="o">339.9 K94</subfield>
    <subfield code="p">L127417</subfield>
    <subfield code="r">2026-04-07 15:57:40</subfield>
    <subfield code="w">2026-04-07</subfield>
    <subfield code="y">L</subfield>
  </datafield>
</record>
